000 00661nam a2200277Ia 4500
005 20260324150205.0
008 008 260324s9999 xx 000 0 eng d
020 _a9781003227434
037 _aEBOOK
040 _aCRL
040 _beng
040 _cCRL
041 _2eng
041 _aeng
084 _qCRL
100 _aGerhard Schulz; Marian Jackson
_91225569
245 0 _aRevolutions and Peace Treaties 1917–1920
260 _bTaylor and Francis
260 _c1972
365 _a
365 _b170
856 _uhttp://www.taylorfrancis.com/books/9781003227434
942 _cEBOOK
999 _c1834605
_d1834605